Score 0/14 Timer 01:00
1 Play Today
% Correct
China
86.3%
Kazakhstan
83.4%
Estonia
82.8%
Belarus
80%
Finland
79.8%
Mongolia
79.2%
Lithuania
79.2%
% Correct
Latvia
78.3%
Ukraine
77.1%
Georgia
75.8%
North Korea
69.7%
Azerbaijan
69.7%
Poland
64.3%
Norway
52.8%

Today's Daily Dose

Remove Ads.
Support Sporcle.
Get the best of Sporcle when you Go Orange. This ad-free experience offers more features, more stats, and more fun while also helping to support Sporcle. Thank you for becoming a member.

You're not logged in!

Compare scores with friends on all Sporcle quizzes.
OR
Log In

Show Comments

Extras

Top Quizzes Today


Score Distribution

Your Account Isn't Verified!

In order to create a playlist on Sporcle, you need to verify the email address you used during registration. Go to your Sporcle Settings to finish the process.

Report this User

Report this user for behavior that violates our Community Guidelines.

Details: